Statistics for Liberia First Level Subdivisions

Click here to take the quiz!

General Stats

  • This quiz has been taken 11 times
  • The average score is 8 of 15

Answer Stats

Counties% Correct
Bomi
83%
Bong
83%
Maryland
83%
Grand Kru
67%
River Gee
67%
Rivercess
67%
Grand Bassa
50%
Grand Cape Mount
50%
Grand Gedeh
50%
Gbarpolu
33%
Lofa
33%
Margibi
33%
Montserrado
33%
Nimba
33%
Sinoe
33%

Score Distribution

Percentile by Number Answered

Percent of People with Each Score

Your Score History

You have not taken this quiz